Statistiques concernant Devinez le Pays Mystère #20

Cliquez ici pour prendre le quiz!

Statistiques générales

  • Ce quiz a été pris 648 fois
  • Le résultat moyen est 9 sur 11

Statistiques - réponses

Type de RéponseRéponse% Correct
Lettre TrouvéeA
95%
Lettre TrouvéeN
95%
Lettre Bien PlacéeA
91%
Lettre TrouvéeO
89%
Lettre Bien PlacéeO
88%
Lettre Bien PlacéeN
86%
Lettre TrouvéeP
76%
Lettre TrouvéeJ
72%
Lettre Bien PlacéeP
72%
Lettre Bien PlacéeJ
71%
Pays MystèreJapon
71%

Distribution des résultats

Percentile par nombre de réponses

% des personnes avec chaque résultat

Votre développement - résultats

Vous n’avez pas pris ce quiz